Noticia histórica de las behetrías, primitivas libertades castellanas (Record no. 163554)

MARC details
000 -LEADER
campo de control de longitud fija 01205nam a2200253 i 4500
001 - NÚMERO DE CONTROL
campo de control 163554
003 - IDENTIFICADOR DE NÚMERO DE CONTROL
campo de control ES-MaACL
005 - FECHA Y HORA DE LA ÚLTIMA TRANSACCIÓN
campo de control 20250906063132.0
008 - DATOS DE LONGITUD FIJA--INFORMACIÓN GENERAL
campo de control de longitud fija 951113s1876 sp |||| | spa d
040 ## - FUENTE DE CATALOGACIÓN
Centro catalogador/agencia de origen AS
Lengua de catalogación spa
Centro/agencia transcriptor CCPB | SIC
080 ## - NÚMERO DE LA CLASIFICACIÓN DECIMAL UNIVERSAL
Número de la Clasificación Decimal Universal 342.365(460.18)
080 ## - NÚMERO DE LA CLASIFICACIÓN DECIMAL UNIVERSAL
Número de la Clasificación Decimal Universal 34(460)"10/14"
100 1# - ENTRADA PRINCIPAL--NOMBRE DE PERSONA
Nombre de persona Ríos y Ríos, Ángel de los,
Fechas asociadas al nombre 1823-1899
9 (RLIN) 162043
245 10 - MENCIÓN DEL TÍTULO
Título Noticia histórica de las behetrías, primitivas libertades castellanas
Resto del título : con una disgresión sobre su posterior y también anticuada forma de Fueros Vascongados /
Mención de responsabilidad, etc. por Ángel de los Ríos y Ríos.
260 ## - PUBLICACIÓN, DISTRIBUCIÓN, ETC.
Lugar de publicación, distribución, etc. Madrid :
Nombre del editor, distribuidor, etc. [s.n.],
Fecha de publicación, distribución, etc. 1876 (
Fabricante Imp. y Fundición de la Viuda e hijos de J.A. García)
300 ## - DESCRIPCIÓN FÍSICA
Extensión 161 p. ;
Dimensiones 23 cm.
530 ## - NOTA DISPONIBLE DE FORMULARIO FÍSICO ADICIONAL
Nota de formato físico adicional disponible Disponible en formato digital.
650 #4 - PUNTO DE ACCESO ADICIONAL DE MATERIA--TÉRMINO DE MATERIA
Término de materia o nombre geográfico como elemento de entrada Behetrías-
Subdivisión geográfica Castilla (Reino)
9 (RLIN) 146745
650 04 - PUNTO DE ACCESO ADICIONAL DE MATERIA--TÉRMINO DE MATERIA
Término de materia o nombre geográfico como elemento de entrada Fueros-
Subdivisión geográfica Castilla (Reino)
9 (RLIN) 12990
852 ## - LOCALIZACIÓN
Ubicación ES-MaACL
Número de control de estantería Fol-Laf-376
Nota libre - rust.
-- . - Legado M. de la Fuente
852 ## - LOCALIZACIÓN
Ubicación ES-MaACL
Número de control de estantería T-206-F-8
Nota libre - enc. hol.
-- . - Dedic. ms. del autor a la Biblioteca del Ateneo de Madrid
-- - Enc. en un vol. facticio
856 ## - LOCALIZACIÓN Y ACCESO ELECTRÓNICOS
Identificador Uniforme de Recursos <a href="http://bdh-rd.bne.es/viewer.vm?id=0000083951&page=1 ">http://bdh-rd.bne.es/viewer.vm?id=0000083951&page=1 </a>
Nota pública Biblioteca Digital Hispánica
Holdings
Estatus retirado Estado de pérdida Estado de daño No para préstamo Colección Biblioteca de origen Biblioteca actual Ubicación en estantería Fecha de adquisición Total de préstamos Signatura topográfica completa Código de barras Visto por última vez Precio de reemplazo Tipo de ítem Koha Fuente de adquisición
        Colección de folletos Biblioteca del Ateneo de Madrid Biblioteca del Ateneo de Madrid Depósito folletos 17/01/2008   T-206-F-8 1171389 23/02/2023 23/02/2023 Folleto  
        Colección de folletos Biblioteca del Ateneo de Madrid Biblioteca del Ateneo de Madrid Depósito folletos 17/01/2008   Fol-Laf-376 1171388 23/02/2023 23/02/2023 Folleto